| 000 | 00442nam a22001577a 4500 | ||
|---|---|---|---|
| 003 | OSt | ||
| 005 | 20151001113729.0 | ||
| 008 | 151001b xxu||||| |||| 00| 0 eng d | ||
| 040 | _cRUA | ||
| 082 | _aAGR ITH 2005 B062 Or.1 | ||
| 100 |
_91674 _aITH, CHUMNAN. |
||
| 245 | _aEtude sor la dansite` de culyure d'artemisia annu4 dand la province de mondulkiri. | ||
| 260 |
_aphnom phen _bRUA _c2005 |
||
| 300 |
_a36p. _bill. _c29cm. |
||
| 942 |
_2ddc _cAGR |
||
| 999 |
_c1579 _d1579 |
||